[Event "XXVIII Euskadi ch"]
[Site "Zornotza"]
[Date "2013.04.03"]
[Round "3"]
[White "Hernandez Perez, Jesus"]
[Black "Guijarro Galan, Jose Luis"]
[Result "0-1"]
[WhiteElo "2011"]
[BlackElo "2154"]

1. d4 d5 2. Bg5 Nf6 3. Bxf6 exf6 4. e3 Bd6 5. g3 c6 6. Nd2 Be6 7. Bg2 h5 8. h4
Qb6 9. Qc1 Nd7 10. Ne2 f5 11. O-O Qd8 12. Nf3 Nf6 13. Nf4 Ne4 14. Qe1 Bxf4 15.
exf4 Qb6 16. Rb1 O-O-O 17. c3 Rde8 18. Ne5 Qa6 19. Ra1 f6 20. Nf3 Qb6 21. Qc1
Kb8 22. Re1 Qc7 23. Re2 Bc8 24. Qc2 Re7 25. Rae1 Rhe8 26. Kh2 b6 27. Re3 g6 28.
Qe2 Re6 29. Nd2 g5 30. Nxe4 fxe4 31. fxg5 fxg5 32. Qxh5 gxh4 33. Kg1 Qg7 34.
Qxh4 Kb7 35. f4 Rh6 36. Qg5 Rg6 37. Qh5 Bg4 38. Qh2 Rh8 39. Bh3 Rxh3 40. Qg2
Bf3 41. Qxh3 Rxg3+ 0-1

[Event "XXVIII Euskadi ch"]
[Site "Zornotza"]
[Date "2013.04.03"]
[Round "3"]
[White "Galarza Cenzano, Iñigo"]
[Black "Villalta Bustillo, Igor"]
[Result "1/2-1/2"]
[WhiteElo "2040"]
[BlackElo "2229"]

1. e4 e5 2. Nf3 Nf6 3. Nc3 Nc6 4. d4 exd4 5. Nxd4 Bb4 6. Nxc6 bxc6 7. Bd3 d5 8.
exd5 cxd5 9. O-O O-O 10. Bg5 c6 11. Qf3 Be7 12. Rfe1 h6 13. Bxh6 gxh6 14. Qe3
Kg7 15. Qxe7 Qxe7 16. Rxe7 1/2-1/2

[Event "XXVIII Euskadi ch"]
[Site "Zornotza"]
[Date "2013.04.03"]
[Round "3"]
[White "Segura Del Frago, Imanol"]
[Black "Marchena Hurtado, Javier"]
[Result "1-0"]
[WhiteElo "2012"]
[BlackElo "2093"]

1. d4 d5 2. c4 c6 3. g3 Nf6 4. Bg2 Bf5 5. Nf3 h6 6. O-O e6 7. Ne5 Nbd7 8. Nxd7
Qxd7 9. Nd2 Bd6 10. a3 O-O 11. c5 Bc7 12. Nf3 Qe7 13. Bf4 Be4 14. Bxc7 Qxc7 15.
b4 Nd7 16. Qb3 f6 17. Nh4 Bxg2 18. Nxg2 f5 19. a4 e5 20. dxe5 Nxe5 21. b5 Nc4
22. Rfd1 Qe7 23. Nf4 Kh7 24. e3 Rae8 25. Qb4 Rf7 26. Rab1 Qe4 27. Rd4 Qc2 28.
Rdd1 Re4 29. Rdc1 Qa2 30. bxc6 bxc6 31. Qb8 Qxa4 32. Qc8 Qa3 33. Qxc6 Rf6 34.
Qxd5 Ne5 35. Ra1 Qb2 36. Rcb1 Qc2 37. Rb8 Nf7 38. Nh5 Qc3 39. Nxf6+ Qxf6 40.
Rxa7 Ng5 41. Qg8+ Kg6 42. Rb6 Ne6 43. Raa6 1-0

[Event "XXVIII Euskadi ch"]
[Site "Zornotza"]
[Date "2013.04.03"]
[Round "3"]
[White "Goiria Egidazu, Jon Asel"]
[Black "Albo Ruiz, Jose Martin"]
[Result "1-0"]
[WhiteElo "1947"]
[BlackElo "1911"]

1. Nf3 c5 2. c4 Nf6 3. Nc3 Nc6 4. g3 g6 5. Bg2 Bg7 6. O-O O-O 7. a3 d5 8. cxd5
Nxd5 9. Qb3 Nb6 10. d3 Be6 11. Qb5 c4 12. Rd1 h6 13. dxc4 Qc8 14. Nd5 Bxd5 15.
cxd5 Nb8 16. Be3 N8d7 17. Rac1 Qd8 18. d6 e5 19. Nd2 Rb8 20. Ne4 a6 21. Qb3 Kh7
22. Nc5 Nxc5 23. Rxc5 Nd7 24. Rc7 b5 25. Bc6 Nf6 26. Rxf7 Ng4 27. Rxf8 Bxf8 28.
Qf7+ Bg7 29. Be4 Nxe3 30. Bxg6+ Kh8 31. fxe3 Qg5 32. d7 Rf8 33. Qxf8+ Bxf8 34.
d8=Q 1-0

[Event "XXVIII Euskadi ch"]
[Site "Zornotza"]
[Date "2013.04.04"]
[Round "4"]
[White "Argandoña Riveiro, Iñigo"]
[Black "Astasio Lopez, David"]
[Result "0-1"]
[WhiteElo "2416"]
[BlackElo "2376"]

1. c4 c6 2. Nf3 d5 3. e3 Nf6 4. d4 e6 5. b3 Nbd7 6. Bb2 Bd6 7. Bd3 O-O 8. O-O
b6 9. Nbd2 Bb7 10. Ne5 c5 11. cxd5 exd5 12. f4 cxd4 13. exd4 Ne4 14. Nxe4 dxe4
15. Bc4 Nf6 16. Qe2 Rc8 17. Rad1 Rc7 18. f5 h6 19. Bc1 Kh7 20. Be3 Qe7 21. Rf2
Bd5 22. Bxd5 Nxd5 23. f6 Nxf6 24. Rdf1 Bxe5 25. dxe5 Nd5 26. Bd4 e3 27. Bxe3
Qxe5 28. Qd3+ Kg8 29. Bd4 Qd6 30. Bb2 Rd7 31. Qd4 f6 32. Bc1 Qe6 33. Qh4 Kh7
34. Qh5 Nc3 35. Qf3 Ne4 36. Re2 Re8 37. Rfe1 f5 38. g4 fxg4 39. Qf4 Qg6 40. Kg2
Rf7 41. Qe3 Rfe7 42. Qd3 Re6 43. Bf4 h5 44. Qc4 Nc5 45. Rxe6 Rxe6 46. Rxe6 Qxe6
47. Qxe6 Nxe6 48. Be3 Kg6 49. b4 Kf5 50. a4 Ke4 51. Bf2 Nf4+ 52. Kf1 Nd3 0-1

[Event "XXVIII Euskadi ch"]
[Site "Zornotza"]
[Date "2013.04.04"]
[Round "4"]
[White "Huerga Leache, Mikel"]
[Black "Gonzalez de la Torre, Santiago"]
[Result "1/2-1/2"]
[WhiteElo "2448"]
[BlackElo "2446"]

1. e4 c5 2. Nf3 Nc6 3. d4 cxd4 4. Nxd4 g6 5. c4 Nf6 6. Nc3 d6 7. Be2 Nxd4 8.
Qxd4 Bg7 9. Bg5 O-O 10. Qd2 Be6 11. Rc1 Qa5 12. f3 Rfc8 13. b3 a6 14. Na4 Qxd2+
15. Kxd2 Nd7 16. Be3 f5 17. exf5 gxf5 18. Rhe1 Rd8 19. Nb6 Nxb6 20. Bxb6 Bh6+
21. Be3 Bg7 22. Bb6 Bh6+ 23. Be3 Bg7 1/2-1/2

[Event "XXVIII Euskadi ch"]
[Site "Zornotza"]
[Date "2013.04.04"]
[Round "4"]
[White "Prieto Aranguren, Alain"]
[Black "Franco Alonso, Alejandro"]
[Result "0-1"]
[WhiteElo "2200"]
[BlackElo "2504"]

1. e4 c5 2. Nc3 Nc6 3. g3 g6 4. Bg2 Bg7 5. d3 d6 6. f4 e6 7. Nf3 Nge7 8. O-O
O-O 9. Be3 Nd4 10. e5 Bd7 11. Ne4 Nef5 12. Bf2 Nxf3+ 13. Qxf3 Bc6 14. c3 Rc8
15. d4 cxd4 16. cxd4 Bxe4 17. Qxe4 d5 18. Qd3 Qb6 19. b3 Rc7 20. g4 Ne7 21.
Rac1 Rfc8 22. Qd2 Bf8 23. Be3 Rxc1 24. Rxc1 Rxc1+ 25. Qxc1 Nc6 26. Qb2 Qa5 27.
Qf2 Qc3 28. f5 Bb4 29. Qf4 Be7 30. Bf1 a6 31. f6 Bf8 32. Qf2 Nb4 33. Bd2 Qa1
34. Bxb4 Bxb4 35. Kg2 Bc3 36. Qc2 Qb2 37. Qxb2 Bxb2 38. Kf3 Bxd4 39. Kf4 Bg1
40. Kg3 g5 0-1

[Event "XXVIII Euskadi ch"]
[Site "Zornotza"]
[Date "2013.04.04"]
[Round "4"]
[White "Guijarro Galan, Jose Luis"]
[Black "Limeres Guiance, Cristobal"]
[Result "0-1"]
[WhiteElo "2154"]
[BlackElo "2231"]

1. e4 Nc6 2. Nf3 e6 3. d4 d5 4. e5 b6 5. c3 Qd7 6. Bd3 Bb7 7. Qe2 Nge7 8. Nbd2
Ng6 9. Nf1 f6 10. h4 Be7 11. h5 Nf8 12. h6 g6 13. Bf4 f5 14. N1d2 O-O-O 15. b4
Nb8 16. a4 c5 17. bxc5 bxc5 18. Bb5 Qc7 19. dxc5 Bxc5 20. O-O Nfd7 21. Nd4 Rde8
22. Rab1 a6 23. N2f3 axb5 24. Nxb5 Ba6 25. Nfd4 Nb6 26. c4 Qd7 27. Rfc1 Nxc4
28. Rxc4 dxc4 29. Qxc4 Qxd4 30. Qc1 Qxf2+ 31. Kh2 Bxb5 32. Rxb5 Qg1+ 0-1

[Event "XXVIII Euskadi ch"]
[Site "Zornotza"]
[Date "2013.04.04"]
[Round "4"]
[White "Sarralde Osua, Rodrigo"]
[Black "Axpe Balenciaga, Iñigo"]
[Result "1-0"]
[WhiteElo "2337"]
[BlackElo "2086"]

1. e4 c6 2. d4 g6 3. c3 d5 4. e5 Bg7 5. Bd3 c5 6. f4 cxd4 7. cxd4 Nc6 8. Be3
Nh6 9. Nf3 Bg4 10. Nc3 e6 11. h3 Bxf3 12. Qxf3 Nf5 13. Bxf5 gxf5 14. g4 fxg4
15. hxg4 Nb4 16. O-O-O Rc8 17. Kb1 Qa5 18. Rh2 Bf8 19. f5 Be7 20. Rdd2 Rc6 21.
f6 Bf8 22. Qd1 Ra6 23. Qb3 Qc7 24. Bh6 Bxh6 25. Rxh6 Nc6 26. a3 Na5 27. Qb4 Nc6
28. Nb5 Kd7 29. Nxc7 Nxb4 30. Nxa6 Nxa6 31. Rdh2 Nb8 32. Rxh7 Rf8 33. Rh8 Rxh8
34. Rxh8 Nc6 35. g5 1-0

[Event "XXVIII Euskadi ch"]
[Site "Zornotza"]
[Date "2013.04.04"]
[Round "4"]
[White "Arias Garcia, Luis Javier"]
[Black "Diez Fraile, David"]
[Result "0-1"]
[WhiteElo "2188"]
[BlackElo "2168"]

1. d4 d5 2. Nf3 e6 3. c4 c6 4. Qc2 Nf6 5. g3 Be7 6. Bg2 O-O 7. O-O Nbd7 8. Nbd2
b6 9. e4 Bb7 10. e5 Ne8 11. a3 Rc8 12. b4 c5 13. dxc5 bxc5 14. b5 Nb6 15. cxd5
exd5 16. Bh3 Nc7 17. a4 Ne6 18. a5 Nc4 19. Bg2 Nxd2 20. Bxd2 Qd7 21. Rfb1 d4
22. a6 Ba8 23. b6 axb6 24. Rxb6 c4 25. Qf5 g6 26. Qg4 c3 27. Bg5 d3 28. Bxe7
Qxe7 29. Rb7 Bxb7 30. axb7 Qxb7 31. Ng5 Qb2 32. Ra7 Qc1+ 0-1

[Event "XXVIII Euskadi ch"]
[Site "Zornotza"]
[Date "2013.04.04"]
[Round "4"]
[White "Cucarella Montell, Angels"]
[Black "Galarza Cenzano, Iñigo"]
[Result "0-1"]
[WhiteElo "1982"]
[BlackElo "2040"]

1. e4 d5 2. exd5 Qxd5 3. Nc3 Qa5 4. d4 Nf6 5. Bc4 c6 6. Bd2 Bf5 7. Nd5 Qd8 8.
Nxf6+ gxf6 9. Nf3 e6 10. c3 Nd7 11. Qe2 Qc7 12. Nh4 Bg6 13. Qf3 O-O-O 14. O-O
Bd6 15. g3 Nb6 16. Bb3 f5 17. Ng2 Nd5 18. Bxd5 cxd5 19. Bf4 h5 20. h4 f6 21. c4
dxc4 22. b3 c3 23. Rac1 Kb8 24. Rxc3 Qd7 25. Rfc1 e5 26. dxe5 fxe5 27. Bg5 Rc8
28. Qd5 Bf7 29. Qd2 Rxc3 30. Rxc3 Rc8 31. Rd3 Rc6 32. Be3 Qe6 33. Qa5 b6 34.
Qd2 f4 35. gxf4 Bg6 36. Rc3 Rxc3 37. Qxc3 Be4 38. Qd2 Qg6 39. f3 Bxf3 40. f5
Qf6 41. Bg5 Bc5+ 42. Kh2 Qxf5 43. b4 Bd4 44. a4 Bc6 45. b5 Bd7 46. Ne3 Qh3+ 47.
Kg1 Qg3+ 48. Kf1 Qf3+ 49. Ke1 Bg4 50. Qa2 Bc3+ 0-1

[Event "XXVIII Euskadi ch"]
[Site "Zornotza"]
[Date "2013.04.04"]
[Round "4"]
[White "Villalta Bustillo, Igor"]
[Black "Segura Del Frago, Imanol"]
[Result "1-0"]
[WhiteElo "2229"]
[BlackElo "2012"]

1. b3 e5 2. Bb2 Nc6 3. e3 a6 4. c4 d5 5. cxd5 Qxd5 6. Nc3 Qd6 7. Nf3 Bg4 8. Be2
O-O-O 9. a3 f5 10. d3 Nf6 11. b4 Nd5 12. Qb3 Nxc3 13. Bxc3 Be7 14. Rb1 e4 15.
dxe4 fxe4 16. Nd4 Bxe2 17. Nxe2 Ne5 18. O-O Ng4 19. Nf4 h5 20. Bxg7 Rhg8 21.
Rfd1 Rxg7 22. Rxd6 Bxd6 23. Ne6 Bxh2+ 24. Kh1 Rd3 25. Nxg7 Rxb3 26. Rxb3 Be5
27. Nxh5 Nxf2+ 28. Kg1 Nd3 29. Nf4 Nxf4 30. exf4 Bxf4 31. Rc3 b5 32. Kf2 Be5
33. Rh3 Bd4+ 34. Ke2 Kd7 35. Rh6 c6 36. g4 Bb2 37. g5 Bxa3 38. Rf6 Bb2 39. Rf7+
Kd6 40. g6 Bc3 41. Ra7 Kd5 42. g7 Bxg7 43. Rxg7 Kc4 44. Rg4 Kxb4 45. Rxe4+ Kc5
46. Kd3 a5 47. Kc2 a4 48. Kc3 Kb6 49. Re3 Kc5 50. Re5+ Kd6 51. Kd4 b4 52. Rh5
a3 53. Rh6+ Kd7 54. Kc4 c5 55. Ra6 Kc7 56. Kxc5 1-0

[Event "XXVIII Euskadi ch"]
[Site "Zornotza"]
[Date "2013.04.04"]
[Round "4"]
[White "Padilla Cabero, Pablo"]
[Black "Goiria Egidazu, Jon Asel"]
[Result "0-1"]
[WhiteElo "2153"]
[BlackElo "1947"]

1. f4 d5 2. Nf3 g6 3. e3 Bg7 4. Be2 Nf6 5. d3 O-O 6. O-O c5 7. a4 Nc6 8. Qe1
Qc7 9. Nc3 e5 10. e4 dxe4 11. dxe4 exf4 12. Ng5 Nd4 13. Bd1 Re8 14. Bxf4 Qe7
15. e5 h6 16. Nf3 Nh5 17. Bd2 Nxf3+ 18. Bxf3 Qxe5 19. Qc1 Qd4+ 20. Rf2 Nf6 21.
Nb5 Qd8 22. Bf4 g5 23. Rd2 Qe7 24. Bg3 Rd8 25. Re2 Be6 26. Bc7 Rd7 27. Bxb7 Rf8
28. Nxa7 Rxc7 29. Nc6 Qe8 30. Na5 Qb8 31. Be4 Qb6 32. Qd2 c4+ 33. Kh1 c3 0-1

[Event "XXVIII Euskadi ch"]
[Site "Zornotza"]
[Date "2013.04.04"]
[Round "4"]
[White "Marchena Hurtado, Javier"]
[Black "Albo Ruiz, Jose Martin"]
[Result "1-0"]
[WhiteElo "2093"]
[BlackElo "1911"]

1. e4 e6 2. d4 d5 3. Nd2 Nf6 4. e5 Nfd7 5. Bd3 c5 6. c3 Nc6 7. Ne2 cxd4 8. cxd4
f6 9. exf6 Nxf6 10. Nf3 Bd6 11. O-O O-O 12. Bf4 Bxf4 13. Nxf4 Ne4 14. Qc1 Ng5
15. Nxg5 Qxg5 16. Ne2 Qf6 17. Qe3 e5 18. dxe5 Nxe5 19. b3 Bd7 20. Rad1 Rf7 21.
f3 Nc6 22. Bb5 a6 23. Bxc6 bxc6 24. Qc3 Qd6 25. Rc1 Re7 26. Nd4 Rc8 27. b4 a5
28. a3 axb4 29. axb4 g6 30. Rfe1 Rf7 31. Re2 Rf4 32. g3 Rf6 33. Kg2 Qf8 34. Nb3
Qd6 35. Rce1 Rcf8 36. Re7 R6f7 37. Rxf7 Kxf7 38. Nc5 Bf5 39. Qa1 Kg8 40. Qd4
Ra8 41. Re2 Rf8 42. Ra2 Qc7 43. Ne6 Bxe6 44. Ra7 c5 45. Qa1 Qxa7 46. Qxa7 cxb4
47. Qb6 Kf7 48. Qb7+ Kf6 49. Qxb4 Rc8 50. g4 h6 51. Qf4+ Kg7 52. Qe5+ Kf7 53.
h4 Rc4 54. g5 hxg5 55. hxg5 Ke7 56. Qf6+ Kd6 57. Qxg6 d4 58. Qd3 Kc5 59. Qa3+
Kb5 60. Qd6 Bc8 61. g6 Rc6 62. Qxd4 Rxg6+ 63. Kf2 Rc6 64. f4 Rc5 65. Ke3 Kc6
66. Qa4+ Kd6 67. Qe8 Bd7 68. Qf8+ Kc6 69. Ke4 Rd5 70. Qa8+ 1-0

[Event "XXVIII Euskadi ch"]
[Site "Zornotza"]
[Date "2013.04.05"]
[Round "5"]
[White "Astasio Lopez, David"]
[Black "Franco Alonso, Alejandro"]
[Result "1-0"]
[WhiteElo "2376"]
[BlackElo "2504"]

1. d4 Nf6 2. Nf3 e6 3. e3 b6 4. Bd3 Bb7 5. O-O d5 6. c4 Nbd7 7. b3 Bd6 8. Bb2
O-O 9. Ne5 c5 10. Nd2 cxd4 11. exd4 dxc4 12. Nxd7 Qxd7 13. bxc4 Qc7 14. h3 Rfd8
15. Qe2 Be7 16. Rfe1 Re8 17. a3 Bc6 18. Nf1 Rad8 19. Rad1 g6 20. Ng3 Bf8 21.
Qe3 Bg7 22. Bf1 Qb7 23. Ba1 h5 24. Qg5 Ne4 25. Nxe4 Bxe4 26. d5 Bxa1 27. Rxe4
Bg7 28. Rde1 Rd6 29. dxe6 Kh7 30. e7 Bf6 31. Qf4 Qd7 32. c5 bxc5 33. Bb5 Qxb5
34. Qxd6 Kg7 35. a4 Qb6 36. Qd7 Qb8 37. Qc6 Bd4 38. Rd1 f6 39. a5 Kf7 40. Qe6+
Kg7 41. a6 Qb5 42. Kh1 Bxf2 43. Rf4 Bd4 44. Rdxd4 cxd4 45. Qxf6+ Kh7 46. Qf7+
1-0

[Event "XXVIII Euskadi ch"]
[Site "Zornotza"]
[Date "2013.04.05"]
[Round "5"]
[White "Gonzalez de la Torre, Santiago"]
[Black "Limeres Guiance, Cristobal"]
[Result "1-0"]
[WhiteElo "2446"]
[BlackElo "2231"]

1. e4 e6 2. d4 d5 3. Nc3 Nc6 4. Nf3 Nf6 5. e5 Ne4 6. Ne2 f6 7. Ng3 f5 8. Ne2
Be7 9. h4 b6 10. g3 g5 11. hxg5 Nxg5 12. Nxg5 Bxg5 13. Nf4 Bxf4 14. Bxf4 Qd7
15. Rh6 Nd8 16. Qh5+ Qf7 17. Qh4 Qg7 18. Bg5 Nf7 19. Bb5+ Kf8 20. Rf6 h6 21.
Bf4 Qg4 22. Bxh6+ Kg8 23. Qxg4+ fxg4 24. Rg6+ Kh7 25. Bd3 Nxh6 26. Rxg4+ Nf5
27. O-O-O 1-0

[Event "XXVIII Euskadi ch"]
[Site "Zornotza"]
[Date "2013.04.05"]
[Round "5"]
[White "Diez Fraile, David"]
[Black "Huerga Leache, Mikel"]
[Result "0-1"]
[WhiteElo "2168"]
[BlackElo "2448"]

1. d4 Nf6 2. c4 c5 3. d5 b5 4. cxb5 a6 5. e3 axb5 6. Bxb5 g6 7. Nc3 Bg7 8. Nf3
O-O 9. O-O d6 10. a4 Na6 11. Ra3 Bb7 12. e4 Nd7 13. Re1 Nc7 14. Bf1 Ba6 15. Bf4
Bxf1 16. Kxf1 Rb8 17. Qc1 Rb4 18. Bh6 Bxh6 19. Qxh6 f6 20. Nd1 Qa8 21. Nh4 Rf7
22. Rg3 Nf8 23. b3 Rd4 24. Nb2 Ne8 25. Nc4 Ng7 26. Qe3 f5 27. f4 Rxe4 28. Qd2
Nh5 29. Rxe4 Nxg3+ 30. hxg3 fxe4 31. Ne3 Qc8 32. Kg1 h6 33. g4 Qb7 34. Qc3 Rxf4
35. g3 Rf7 36. Nhg2 Rf3 37. Nh4 Rf7 38. Nhg2 Nd7 39. Nf4 Ne5 40. Qc2 Qb4 41.
Nc4 Nf3+ 0-1

[Event "XXVIII Euskadi ch"]
[Site "Zornotza"]
[Date "2013.04.05"]
[Round "5"]
[White "Sarralde Osua, Rodrigo"]
[Black "Argandoña Riveiro, Iñigo"]
[Result "1-0"]
[WhiteElo "2337"]
[BlackElo "2416"]

1. e4 e5 2. Nf3 d6 3. d4 exd4 4. Nxd4 Nf6 5. Nc3 Be7 6. Be2 O-O 7. O-O Re8 8.
Re1 Bf8 9. Bg5 c6 10. Bf1 Nbd7 11. a4 a5 12. Qf3 h6 13. Bh4 Ne5 14. Qe2 Ng6 15.
Bg3 d5 16. e5 Qb6 17. Qd3 Nh5 18. e6 Nhf4 19. exf7+ Kxf7 20. Qd2 Ne6 21. Nf3
Bb4 22. Rad1 Bd7 23. Bd3 Nef8 24. Ne5+ Nxe5 25. Bxe5 Qd8 26. Qf4+ Kg8 27. h4
Rxe5 28. Qxe5 Qxh4 29. Re3 Re8 30. Qg3 Qxg3 31. Rxg3 Bd6 32. Re3 Rxe3 33. fxe3
Bc5 34. Kf2 Nh7 35. Bxh7+ Kxh7 36. Ne2 Bf5 37. Rd2 g5 38. Nd4 Be4 39. c3 Kg6
40. g4 h5 41. gxh5+ Kxh5 42. Kg1 Bd6 43. Rf2 Kg6 44. Nb3 b6 45. Nd4 c5 46. Nb5
Be7 47. Nc7 g4 48. Rd2 Kf5 49. Nxd5 Bxd5 50. Rxd5+ Ke4 51. c4 Bf6 52. Kf2 Bxb2
53. Ke2 Be5 54. Rd8 g3 55. Re8 Kf5 56. Kf3 Bd6 57. Rh8 Ke6 58. Rh6+ Ke7 59. Ke4
Bc7 60. Rh7+ Kf6 61. Kf3 Bd6 62. Rb7 Ke5 63. Rxb6 Bc7 64. Rc6 Bd6 65. Rxd6 Kxd6
66. Kxg3 Ke5 67. Kf3 Kf5 68. e4+ Kg5 69. Kg3 Kf6 70. Kf4 Ke6 71. e5 Ke7 72. Kf5
1-0

[Event "XXVIII Euskadi ch"]
[Site "Zornotza"]
[Date "2013.04.05"]
[Round "5"]
[White "Perez Fernandez, Modesto"]
[Black "Villalta Bustillo, Igor"]
[Result "0-1"]
[WhiteElo "2048"]
[BlackElo "2229"]

1. e4 e5 2. Nf3 Nf6 3. Nxe5 d6 4. Nf3 Nxe4 5. d4 d5 6. Bd3 Nc6 7. O-O Be7 8.
Re1 Bg4 9. c4 Bxf3 10. Qxf3 Nxd4 11. Qd1 Nf6 12. Nc3 dxc4 13. Bxc4 Nf5 14. Qb3
Nd6 15. Bf4 O-O 16. Rad1 Qd7 17. Nb5 Rae8 18. Nxd6 Bxd6 19. Rxe8 Nxe8 20. Bb5
Qe7 21. Be3 Nf6 22. Be2 b6 23. Bf3 Nd7 24. Qa4 Ne5 25. Be2 Bc5 26. Bxc5 Qxc5
27. Qxa7 Qc2 28. Kf1 Re8 29. Qa6 Qxb2 30. Qb5 Qxb5 31. Bxb5 Rc8 32. Re1 Ng6 33.
Ba6 Rd8 34. Rc1 Rd7 35. Bb5 Re7 36. Rd1 Nf8 37. Rd2 g6 38. a4 Kg7 39. g3 Re5 {
(Ilegible)} 0-1

[Event "XXVIII Euskadi ch"]
[Site "Zornotza"]
[Date "2013.04.05"]
[Round "5"]
[White "Galarza Cenzano, Iñigo"]
[Black "Prieto Aranguren, Alain"]
[Result "0-1"]
[WhiteElo "2040"]
[BlackElo "2200"]

1. e4 d6 2. f4 Nf6 3. Nc3 g6 4. Nf3 Bg7 5. Bc4 O-O 6. d3 c6 7. Bb3 b5 8. a3 Bb7
9. O-O a6 10. Qe1 c5 11. Qh4 e6 12. f5 exf5 13. Bg5 c4 14. Ba2 Qb6+ 15. Kh1
fxe4 16. dxe4 Nbd7 17. Rad1 Rfe8 18. Nd2 Re6 19. b3 Qd4 20. Rf3 Nxe4 21. Ndxe4
Rxe4 22. Rxd4 Rxh4 23. Rxd6 Bxf3 24. Bxh4 Bxc3 25. Rxd7 Bg4 26. Rc7 Be6 27.
bxc4 Be5 28. Rc6 Ra7 29. cxb5 Bxa2 30. bxa6 Rd7 31. Rc8+ Kg7 32. Rd8 Ra7 33.
Re8 Be6 34. Be1 Rxa6 35. Bb4 Rc6 36. g4 Bd5+ 37. Kg1 Bd4+ 38. Kf1 Rf6+ 39. Ke1
Re6+ 40. Rxe6 fxe6 41. g5 Be5 42. Ke2 Bxh2 43. Ke3 e5 44. Be7 Kf7 45. Bd8 Ke6
46. Kd3 Kf5 0-1

[Event "XXVIII Euskadi ch"]
[Site "Zornotza"]
[Date "2013.04.05"]
[Round "5"]
[White "Goiria Egidazu, Jon Asel"]
[Black "Guijarro Galan, Jose Luis"]
[Result "0-1"]
[WhiteElo "1947"]
[BlackElo "2154"]

1. e4 c5 2. Nc3 Nc6 3. f4 e6 4. Nf3 d5 5. Bb5 Nge7 6. exd5 exd5 7. Qe2 g6 8.
Qe3 Qd6 9. d4 c4 10. Qe5 Qe6 11. O-O f6 12. Bxc6+ Qxc6 13. Qe2 Bg4 14. Bd2
O-O-O 15. b3 Nf5 16. bxc4 Bxf3 17. Qxf3 Qxc4 18. Kh1 Nxd4 19. Qh3+ Kb8 20. Rab1
Bc5 21. Rfe1 h5 22. a4 h4 23. Nb5 Nf5 24. Be3 Bxe3 25. Rxe3 Qxc2 26. Reb3 Ng3+
27. Kg1 Qc5+ 0-1

[Event "XXVIII Euskadi ch"]
[Site "Zornotza"]
[Date "2013.04.05"]
[Round "5"]
[White "Cucarella Montell, Angels"]
[Black "Arias Garcia, Luis Javier"]
[Result "1-0"]
[WhiteElo "1982"]
[BlackElo "2188"]

1. e4 c5 2. Nf3 Nc6 3. Nc3 d6 4. d4 cxd4 5. Nxd4 Nf6 6. Nde2 g6 7. g3 Bg7 8.
Bg2 Bg4 9. h3 Bd7 10. O-O O-O 11. a4 a6 12. Bg5 Rc8 13. Ra2 Be6 14. Ra1 Ne5 15.
Nd4 Bd7 16. Nd5 Nxd5 17. exd5 h6 18. Bc1 Nc4 19. b3 Qb6 20. c3 Ne5 21. Bb2 Nc4
22. Bc1 Na5 23. Bd2 Kh7 24. Rb1 Bxd4 25. cxd4 Bf5 26. Qe1 Nxb3 27. Qe3 Bxb1 28.
Rxb1 Qxd4 29. Qxh6+ Kg8 30. Rxb3 Rc2 31. Be1 Rfc8 32. Qe3 Qc4 33. Rb4 Qa2 34.
Re4 Qxd5 35. Rxe7 Qd1 36. Bf3 Qa1 37. Re8+ Rxe8 38. Qxe8+ Kg7 39. Bd5 Rc7 40.
Qe4 b5 41. axb5 axb5 42. Kg2 Rc1 43. Bd2 Rc7 44. Qf4 Qf6 45. Qh6+ Kg8 46. Bg5
Qg7 47. Qh4 Qe5 48. Bf3 Kg7 49. Bh6+ Kg8 50. Qd8+ 1-0

[Event "XXVIII Euskadi ch"]
[Site "Zornotza"]
[Date "2013.04.05"]
[Round "5"]
[White "Axpe Balenciaga, Iñigo"]
[Black "Marchena Hurtado, Javier"]
[Result "1/2-1/2"]
[WhiteElo "2086"]
[BlackElo "2093"]

1. d4 d5 2. Nf3 Nf6 3. Bg5 Ne4 4. Bf4 c5 5. e3 Nc6 6. Nbd2 Bf5 7. Be2 e6 8. O-O
Be7 9. Ne5 Nxe5 10. Bxe5 O-O 11. dxc5 Nxc5 12. Nb3 Nxb3 13. axb3 Bf6 14. Bxf6
Qxf6 15. c3 Rfd8 16. Qd4 Qxd4 17. exd4 a5 18. Ra3 b6 19. Rfa1 Rac8 20. Ra4 Bc2
21. Bd1 Bd3 22. f3 Kf8 23. Kf2 Bb5 24. R4a3 Ke7 25. Be2 Bc6 26. b4 axb4 27.
cxb4 Ra8 28. Ra7+ Kd6 29. R1a3 Rxa7 30. Rxa7 Rd7 31. Ra3 Bb7 32. Bb5 Bc6 33.
Bd3 h6 34. Ra6 Kc7 35. Ra3 Bb7 36. f4 1/2-1/2

[Event "XXVIII Euskadi ch"]
[Site "Zornotza"]
[Date "2013.04.05"]
[Round "5"]
[White "Hernandez Perez, Jesus"]
[Black "Padilla Cabero, Pablo"]
[Result "1/2-1/2"]
[WhiteElo "2011"]
[BlackElo "2153"]

1. e4 Nf6 2. Nc3 d5 3. exd5 Nxd5 4. Bc4 Nb6 5. Bb3 c5 6. d3 Nc6 7. Nf3 Bf5 8.
Bf4 e6 9. Qe2 Be7 10. Ne4 O-O 11. h3 Rc8 12. g4 Bxe4 13. Qxe4 Na5 14. c3 Nxb3
15. axb3 Nd5 16. Bg3 a6 17. O-O Qb6 18. Nd2 Rcd8 19. f4 Rd7 20. Rf3 Rfd8 21.
Re1 Nf6 22. Qe2 Qb5 23. Nc4 Qxb3 24. Ne5 Rd6 25. Nc4 R6d7 26. Ne5 Rc7 27. Nc4
Bf8 28. f5 Re7 29. Re3 Nd5 30. Re4 exf5 31. gxf5 Rxe4 32. dxe4 Re8 33. e5 b5
34. Na5 Qa2 35. Nb7 b4 36. cxb4 cxb4 37. Qf3 Qc4 38. Rd1 Nb6 39. Bf2 Qc7 40.
Bg3 Qc2 41. b3 Qc3 42. Rd3 Qc1+ 43. Rd1 Qg5 44. Kh2 Rc8 45. h4 Qe7 46. Nd6 Rc2+
47. Kh3 Rc3 48. Rd3 Rc2 49. Qe4 a5 50. Qd4 Nd7 51. Nxf7 Nc5 52. Ng5 h6 53. Qd5+
Kh8 54. Nf7+ Kh7 55. Rf3 Rc3 56. Rxc3 bxc3 57. Nd6 Nd7 58. Qd3 Nxe5 59. Qxc3
Qxd6 60. Qxe5 Qd3 61. Qe6 1/2-1/2

[Event "XXVIII Euskadi ch"]
[Site "Zornotza"]
[Date "2013.04.05"]
[Round "5"]
[White "Albo Ruiz, Jose Martin"]
[Black "Segura Del Frago, Imanol"]
[Result "0-1"]
[WhiteElo "1911"]
[BlackElo "2012"]

1. e4 e5 2. Nf3 Nc6 3. Bc4 Nf6 4. Ng5 d5 5. exd5 Na5 6. Bb5+ c6 7. dxc6 bxc6 8.
Bd3 h6 9. Ne4 Nd5 10. Ng3 g6 11. Be2 Bg7 12. Nc3 O-O 13. d3 f5 14. Bd2 Nb7 15.
Bf3 Be6 16. O-O Nd6 17. Re1 Nf7 18. Nxd5 cxd5 19. Bb4 Re8 20. Ba3 Rb8 21. Rb1
Qc7 22. c3 e4 23. Be2 Ne5 24. d4 Nc4 25. Bxc4 Qxc4 26. Ra1 Rb7 27. Nf1 f4 28.
Nd2 Qc8 29. Nb3 Rf7 30. f3 Bf5 31. Bd6 g5 32. Nc5 Qc6 33. fxe4 dxe4 34. Qa4 Qc8
35. Nb3 e3 36. Rac1 Be4 37. Nc5 Bxg2 38. Qc2 f3 39. Bg3 Qh3 40. Ne4 Rxe4 0-1

[Event "XXVIII Euskadi ch"]
[Site "Zornotza"]
[Date "2013.04.06"]
[Round "6"]
[White "Gonzalez de la Torre, Santiago"]
[Black "Astasio Lopez, David"]
[Result "1-0"]
[WhiteElo "2446"]
[BlackElo "2376"]

1. e4 c5 2. Nf3 e6 3. d4 cxd4 4. Nxd4 Nf6 5. Nc3 Nc6 6. Nxc6 bxc6 7. e5 Nd5 8.
Ne4 Bb7 9. c4 Nb4 10. Bg5 Qc7 11. f4 c5 12. Bd3 Nxd3+ 13. Qxd3 Qc6 14. O-O-O
Be7 15. Bxe7 Kxe7 16. Nxc5 Rhd8 17. Qd6+ Ke8 18. Rd2 Qxd6 19. Rxd6 Bc6 20. b4
a5 21. b5 Bxg2 22. Rg1 Rac8 23. Rxg2 Rxc5 24. Rd4 Rdc8 25. Rxg7 Rxc4+ 26. Rxc4
Rxc4+ 27. Kd2 Rb4 28. Rg8+ Ke7 29. Rb8 Rxf4 30. Kc3 Re4 31. b6 Rxe5 32. Kc4 Kd6
33. Rc8 Re4+ 34. Kb5 Rb4+ 35. Kxa5 Rb2 36. a4 f5 37. Ka6 f4 38. b7 e5 39. b8=Q+
Rxb8 40. Rxb8 Ke7 41. Rb1 1-0

[Event "XXVIII Euskadi ch"]
[Site "Zornotza"]
[Date "2013.04.06"]
[Round "6"]
[White "Huerga Leache, Mikel"]
[Black "Sarralde Osua, Rodrigo"]
[Result "1-0"]
[WhiteElo "2448"]
[BlackElo "2337"]

1. d4 d5 2. c4 c6 3. Nf3 e6 4. e3 f5 5. Bd3 Nf6 6. b3 Bd6 7. O-O O-O 8. Ba3 a5
9. Qc1 Na6 10. Bxd6 Qxd6 11. c5 Qc7 12. Bxa6 Rxa6 13. Nc3 Bd7 14. Ne5 Be8 15.
Na4 Ra8 16. Nb6 Rd8 17. Qe1 g5 18. Qxa5 Qe7 19. Qe1 f4 20. f3 Qg7 21. exf4 gxf4
22. Qh4 Kh8 23. Rae1 Rg8 24. Rf2 Bg6 25. Qxf4 Rdf8 26. Qg3 Qh6 27. Ned7 Be8 28.
Qd6 Bxd7 29. Nxd7 Nxd7 30. Qxd7 Rxf3 31. Qxe6 Qxe6 32. Rxe6 Rd3 33. g3 Rxd4 34.
Re7 Rd1+ 35. Kg2 Rd8 36. Rff7 Rd2+ 37. Kh3 Rxa2 38. Rxh7+ Kg8 39. Reg7+ Kf8 40.
Rxb7 Kg8 41. Kg4 Rb2 42. Kf5 Re2 43. Rbg7+ Kf8 44. Kf6 Rf2+ 45. Kg6 Ke8 46.
Rg8+ 1-0

[Event "XXVIII Euskadi ch"]
[Site "Zornotza"]
[Date "2013.04.06"]
[Round "6"]
[White "Villalta Bustillo, Igor"]
[Black "Guijarro Galan, Jose Luis"]
[Result "1/2-1/2"]
[WhiteElo "2229"]
[BlackElo "2154"]

1. b3 e5 2. Bb2 Nc6 3. e3 Nf6 4. Bb5 Bd6 5. Bxc6 dxc6 6. d3 Bg4 7. Nf3 Bb4+ 8.
Bc3 Bxc3+ 9. Nxc3 Qe7 10. h3 Bxf3 11. gxf3 O-O-O 12. Qd2 Nd5 13. Nxd5 cxd5
1/2-1/2